[Event "Asuncion IRT op "]
[Site "Asuncion"]
[Date "2015.03.01"]
[Round "9"]
[White "Lopez, Francisco1111"]
[Black "Rivarola, Paul"]
[Result "0-1"]
[WhiteElo "1662"]
[BlackElo "1735"]
[PlyCount "162"]
[EventDate "2015.02.20"]
[EventType "swiss"]
[EventRounds "9"]
[EventCountry "PAR"]
[SourceTitle "EXT 2017"]
[Source "ChessBase"]
[SourceDate "2016.10.25"]
[SourceVersion "1"]
[SourceVersionDate "2016.10.25"]
[SourceQuality "1"]

1. e4 c6 2. d4 d5 3. e5 Bf5 4. Nf3 e6 5. Be2 c5 6. c3 Nc6 7. 0-0 g6 8. h3 cxd4 9. cxd4 Qb6 10. Qa4 Be4 11. Nbd2 Bxf3 12. Nxf3 Nge7 13. Bg5 Bg7 14. Rfd1 0-0 15. Rab1 h6 16. Bf4 Rfc8 17. g4 a6 18. Qa3 Bf8 19. Qe3 Kh7 20. a3 Na5 21. b3 Rc7 22. Rdc1 Rac8 23. Rxc7 Rxc7 24. Qd3 Bg7 25. h4 Kg8 26. Bd2 Nac6 27. b4 Nb8 28. Rc1 Nd7 29. Rxc7 Qxc7 30. b5 a5 31. Qb3 b6 32. Bd3 f6 33. exf6 Nxf6 34. Ne5 h5 35. g5 Ng4 36. Nxg4 hxg4 37. Be2 Bxd4 38. Kg2 Nf5 39. Bxg4 Nxh4+ 40. Kf1 Nf5 41. Qd3 Qe5 42. a4 Kf7 43. Qh3 Qe4 44. Qf3 Qxf3 45. Bxf3 Ke7 46. Bd1 Kd6 47. Ke2 e5 48. Bc2 e4 49. Bf4+ Be5 50. Bd2 Nd4+ 51. Kd1 Nxc2 52. Kxc2 d4 53. Kb3 Kd5 54. Bc1 Bh2 55. Bd2 Bg1 56. Be1 e3 57. fxe3 Bxe3 58. Bg3 d3 59. Bc7 d2 60. Kc2 Kc4 61. Bd6 Bxg5 62. Bf8 Be3 63. Bd6 d1Q+ 64. Kxd1 Kb3 65. Ke2 Bg1 66. Kd3 Kxa4 67. Kc4 g5 68. Bg3 g4 69. Bh4 Bh2 70. Bf2 Bc7 71. Bg1 g3 72. Be3 g2 73. Bg1 Bg3 74. Bxb6 Bh2 75. Kc3 g1Q 76. Bxg1 Bxg1 77. Kc4 Bb6 78. Kc3 Kxb5 79. Kb3 Bd4 80. Ka3 a4 81. Ka2 Kb4 0-1

[Event "Asuncion IRT op "]
[Site "Asuncion"]
[Date "2015.02.21"]
[Round "3"]
[White "Rivarola, Paul"]
[Black "Servin, Alfredo"]
[Result "1/2-1/2"]
[WhiteElo "1735"]
[BlackElo "1506"]
[PlyCount "74"]
[EventDate "2015.02.20"]
[EventType "swiss"]
[EventRounds "9"]
[EventCountry "PAR"]
[SourceTitle "EXT 2017"]
[Source "ChessBase"]
[SourceDate "2016.10.25"]
[SourceVersion "1"]
[SourceVersionDate "2016.10.25"]
[SourceQuality "1"]

1. d4 Nf6 2. Nf3 d5 3. g3 g6 4. Bg2 Bg7 5. c4 c6 6. 0-0 0-0 7. cxd5 cxd5 8. Nc3 Nc6 9. Ne5 Bf5 10. a3 Rc8 11. Nxc6 Rxc6 12. Bg5 Ne4 13. Nxe4 dxe4 14. Rc1 Rxc1 15. Qxc1 Bxd4 16. Rd1 Qb6 17. e3 Bxb2 18. Qb1 Bxa3 19. Bxe4 Qxb1 20. Bxb1 Bxb1 21. Rxb1 f6 22. Bh6 Rb8 23. Kf1 a5 24. Rb5 Bb4 25. Ke2 Kf7 26. e4 Ke8 27. Bf4 e5 28. Be3 Kd7 29. Kd3 Rd8 30. Kc4 Rc8+ 31. Kd5 Rb8 32. Ba7 Rc8 33. Be3 Kc7 34. Ke6 Rf8 35. g4 Kc6 36. Rb6+ Kc7 37. Rb5 Kc6 1/2-1/2

[Event "Asuncion Patriarca Memorial op"]
[Site "Asuncion"]
[Date "2015.01.14"]
[Round "2"]
[White "Rivarola, Paul"]
[Black "Recalde, Ariel"]
[Result "0-1"]
[WhiteElo "1735"]
[BlackElo "1900"]
[PlyCount "76"]
[EventDate "2015.01.13"]
[EventType "swiss"]
[EventRounds "7"]
[EventCountry "PAR"]
[SourceTitle "CBM 164 Extra"]
[Source "ChessBase"]
[SourceDate "2015.03.02"]
[SourceVersion "1"]
[SourceVersionDate "2015.03.02"]
[SourceQuality "1"]

1. d4 f5 2. Nf3 Nf6 3. g3 d6 4. Bg2 c6 5. Nc3 Qc7 6. Bg5 Nbd7 7. 0-0 e5 8. dxe5 dxe5 9. e4 fxe4 10. Nh4 e3 11. Bxe3 Bc5 12. Bxc5 Nxc5 13. b4 Ne6 14. Ne4 0-0 15. Nxf6+ Rxf6 16. c3 Ng5 17. Qe2 Nh3+ 18. Kh1 Qb6 19. Bxh3 Bxh3 20. Ng2 Raf8 21. Kg1 c5 22. Qc4+ Be6 23. Qxc5 Qxc5 24. bxc5 Bc4 25. Rfe1 Rxf2 26. Nf4 Rc2 27. Rxe5 Rxc3 28. Re7 g5 29. Re4 gxf4 30. gxf4 Bd5 31. Rd4 Bc6 32. Kf2 Rc2+ 33. Kg3 Rg2+ 34. Kh3 Rf6 35. f5 Rxf5 36. Rc1 Rh5+ 37. Rh4 Rxh4+ 38. Kxh4 Rxh2+ 0-1

[Event "Asuncion Clasificatorio op"]
[Site "Asuncion"]
[Date "2013.09.08"]
[Round "6.8"]
[White "Rivarola, Paul"]
[Black "Benitez Irazusta, Eduardo A"]
[Result "0-1"]
[WhiteElo "1711"]
[BlackElo "1760"]
[PlyCount "138"]
[EventDate "2013.08.30"]
[EventType "swiss"]
[EventRounds "9"]
[EventCountry "PAR"]
[SourceTitle "EXT 2023"]
[Source "ChessBase"]
[SourceDate "2022.10.05"]
[SourceVersion "1"]
[SourceVersionDate "2022.10.05"]
[SourceQuality "1"]

1. d4 Nf6 2. c4 e5 3. d5 Bc5 4. e3 0-0 5. Nf3 d6 6. Be2 Ne4 7. 0-0 Ng5 8. Nc3 f5 9. Na4 Nd7 10. Nxc5 Nxc5 11. Nxg5 Qxg5 12. f3 Bd7 13. b4 Ba4 14. Qd2 Nd7 15. Bb2 f4 16. e4 Rf6 17. Rac1 b6 18. Rc3 Rg6 19. Rf2 Nf6 20. b5 a6 21. Ra3 axb5 22. cxb5 Nd7 23. Bc3 Nc5 24. Bd1 Qd8 25. Bxa4 Rxa4 26. Rxa4 Nxa4 27. Bb4 Nc5 28. Bxc5 bxc5 29. Qa5 Qb8 30. a4 Rf6 31. Qa6 Rf8 32. a5 Qa8 33. Qxa8 Rxa8 34. a6 Kf7 35. g3 g5 36. Kf1 h5 37. gxf4 exf4 38. h4 gxh4 39. Kg2 Kf6 40. Kh3 Ke5 41. Kxh4 Kd4 42. Kxh5 Ke3 43. Rf1 Ke2 44. Rc1 Kxf3 45. Rc4 Ke3 46. e5 dxe5 47. Rxc5 Kd4 48. Rxc7 Kxd5 49. a7 f3 50. Kg4 f2 51. Rf7 Rxa7 52. Rxf2 Rg7+ 53. Kh3 e4 54. Rf8 Kd4 55. b6 e3 56. Rd8+ Ke4 57. Re8+ Kf3 58. Rf8+ Ke2 59. Rb8 Re7 60. b7 Kd2 61. Ra8 Rxb7 62. Ra2+ Kd3 63. Kg2 Rc7 64. Kf3 Rf7+ 65. Kg3 Rc7 66. Kf3 Rf7+ 67. Kg3 Re7 68. Kf3 e2 69. Ra3+ Kc4 0-1

[Event "Asuncion Clasificatorio op"]
[Site "Asuncion"]
[Date "2013.09.03"]
[Round "3.5"]
[White "Rivarola, Paul"]
[Black "Heinechen, John"]
[Result "0-1"]
[WhiteElo "1711"]
[BlackElo "1901"]
[PlyCount "52"]
[EventDate "2013.08.30"]
[EventType "swiss"]
[EventRounds "9"]
[EventCountry "PAR"]
[SourceTitle "EXT 2023"]
[Source "ChessBase"]
[SourceDate "2022.10.05"]
[SourceVersion "1"]
[SourceVersionDate "2022.10.05"]
[SourceQuality "1"]

1. Nf3 c5 2. e3 g6 3. d4 Bg7 4. Be2 Nf6 5. 0-0 0-0 6. Nc3 d5 7. dxc5 Nc6 8. Nb5 Ne4 9. c4 a6 10. cxd5 axb5 11. dxc6 bxc6 12. Qc2 Bf5 13. Nh4 Qd5 14. Nxf5 gxf5 15. Bf3 Rfd8 16. Rd1 Qxc5 17. Qxc5 Rxd1+ 18. Bxd1 Nxc5 19. Bf3 Rd8 20. Kf1 Rd6 21. Rb1 Nd3 22. Ke2 b4 23. b3 Bc3 24. Bxc6 Nxc1+ 25. Rxc1 Rxc6 26. Rd1 Ra6 0-1

[Event "Asuncion Club Centenario op"]
[Site "Asuncion"]
[Date "2011.10.09"]
[Round "6.4"]
[White "Heinechen, John"]
[Black "Rivarola, Paul"]
[Result "1-0"]
[WhiteElo "1810"]
[BlackElo "1699"]
[PlyCount "47"]
[EventDate "2011.09.29"]
[EventType "swiss"]
[EventRounds "7"]
[EventCountry "PAR"]
[SourceTitle "EXT 2023"]
[Source "ChessBase"]
[SourceDate "2022.10.05"]
[SourceVersion "1"]
[SourceVersionDate "2022.10.05"]
[SourceQuality "1"]

1. e4 c6 2. Nc3 g6 3. Bc4 Bg7 4. Qf3 e6 5. d3 Bxc3+ 6. bxc3 Qf6 7. Qxf6 Nxf6 8. Bg5 Ng8 9. e5 h6 10. Be3 b5 11. Bb3 Bb7 12. Nf3 Ne7 13. Nd2 Nf5 14. Ne4 Na6 15. g4 Nxe3 16. Nd6+ Ke7 17. fxe3 Rab8 18. 0-0 Rhf8 19. Rf6 Nc7 20. Raf1 Nd5 21. Bxd5 cxd5 22. Rxf7+ Rxf7 23. Rxf7+ Kd8 24. Rf8+ 1-0

[Event "Asuncion Club Centenario op"]
[Site "Asuncion"]
[Date "2011.10.08"]
[Round "5.3"]
[White "Rivarola, Paul"]
[Black "Buzo, Juan Carlos"]
[Result "0-1"]
[WhiteElo "1699"]
[BlackElo "1813"]
[PlyCount "92"]
[EventDate "2011.09.29"]
[EventType "swiss"]
[EventRounds "7"]
[EventCountry "PAR"]
[SourceTitle "EXT 2023"]
[Source "ChessBase"]
[SourceDate "2022.10.05"]
[SourceVersion "1"]
[SourceVersionDate "2022.10.05"]
[SourceQuality "1"]

1. e4 c5 2. Nc3 g6 3. g3 Bg7 4. Bg2 Nc6 5. f4 d6 6. Nf3 Nf6 7. 0-0 0-0 8. h3 Bd7 9. d3 Qc7 10. g4 e6 11. Ne2 Rab8 12. Ng3 b5 13. g5 Ne8 14. h4 Nd4 15. c3 Nxf3+ 16. Bxf3 b4 17. c4 Bd4+ 18. Kg2 d5 19. e5 dxc4 20. dxc4 Bc6 21. Rb1 Rd8 22. Qe2 Ng7 23. b3 Rd7 24. Be3 Rfd8 25. Ne4 Bxe4 26. Bxe4 Nf5 27. Bxf5 Bxe3 28. Qxe3 exf5 29. Rb2 Rd3 30. Qe2 R8d4 31. Rf3 Qc6 32. Kg3 Rxf3+ 33. Qxf3 Qd7 34. Re2 Kf8 35. h5 Ke7 36. hxg6 hxg6 37. Qh1 Rd3+ 38. Kg2 Qc6+ 39. Kh2 Rh3+ 40. Kxh3 Qxh1+ 41. Kg3 Qd1 42. Kf2 Qd4+ 43. Kf3 a5 44. Re3 a4 45. Re2 axb3 46. axb3 Qd1 0-1

[Event "Asuncion Club Centenario op"]
[Site "Asuncion"]
[Date "2011.10.02"]
[Round "4.5"]
[White "Almiron, Francisco"]
[Black "Rivarola, Paul"]
[Result "0-1"]
[WhiteElo "1498"]
[BlackElo "1699"]
[PlyCount "89"]
[EventDate "2011.09.29"]
[EventType "swiss"]
[EventRounds "7"]
[EventCountry "PAR"]
[SourceTitle "EXT 2023"]
[Source "ChessBase"]
[SourceDate "2022.10.05"]
[SourceVersion "1"]
[SourceVersionDate "2022.10.05"]
[SourceQuality "1"]

1. e4 c6 2. Nc3 g6 3. d4 d5 4. e5 Bg7 5. Be2 h6 6. Be3 a5 7. a4 e6 8. Nf3 Ne7 9. Qd2 Nf5 10. 0-0 Nxe3 11. Qxe3 0-0 12. Bd3 Nd7 13. Ne2 b6 14. c3 Ba6 15. Bc2 Qe7 16. Rfe1 c5 17. Rac1 Kh7 18. Ng3 Kg8 19. h3 cxd4 20. cxd4 Rfc8 21. Bb1 Qb4 22. b3 b5 23. axb5 Bxb5 24. Nh2 a4 25. bxa4 Bxa4 26. Ng4 h5 27. Nh2 Nb6 28. Nf3 Nc4 29. Qg5 Qf8 30. Nh4 Bh6 31. Qf6 Qg7 32. Qxg7+ Kxg7 33. Nf3 Bxc1 34. Rxc1 Nxe5 35. Re1 Nxf3+ 36. gxf3 Rc4 37. Ne2 Bc2 38. Bxc2 Rxc2 39. Kg2 Raa2 40. Kf1 h4 41. f4 Kf6 42. f3 Kf5 43. Kf2 Rxe2+ 44. Rxe2 Rxe2+ 45. Kxe2 0-1

[Event "Asuncion YM"]
[Site "Asuncion"]
[Date "2011.03.16"]
[Round "5"]
[White "Rivarola, Paul"]
[Black "Roman, Rodrigo"]
[Result "0-1"]
[WhiteElo "1706"]
[BlackElo "1970"]
[PlyCount "95"]
[EventDate "2011.03.10"]
[EventType "swiss"]
[EventRounds "7"]
[EventCountry "PAR"]
[SourceTitle "CBM 141 Extra"]
[Source "ChessBase"]
[SourceDate "2011.05.03"]
[SourceVersion "1"]
[SourceVersionDate "2011.05.03"]
[SourceQuality "1"]

1. e4 c5 2. Nc3 Nc6 3. g3 g6 4. Bg2 Bg7 5. f4 e6 6. Nf3 Nge7 7. 0-0 0-0 8. d3 d6 9. Ne2 b6 10. c3 Ba6 11. g4 d5 12. e5 Rc8 13. h4 d4 14. c4 b5 15. b3 f6 16. exf6 Bxf6 17. Ng3 Qb6 18. h5 e5 19. hxg6 hxg6 20. g5 Bg7 21. Nh4 exf4 22. Bxf4 Ne5 23. Qe2 Qd6 24. Ne4 Qe6 25. Bxe5 Qxe5 26. Qg4 Rce8 27. Nf3 Qf5 28. Qxf5 Nxf5 29. Nxc5 Bc8 30. cxb5 Ne3 31. Rf2 Bg4 32. Nh2 Re5 33. Rxf8+ Bxf8 34. Nxg4 Rxc5 35. Nxe3 dxe3 36. Bc6 Rxg5+ 37. Kf1 Bc5 38. Ke2 Bd4 39. Rf1 Rc5 40. a4 g5 41. b4 Rc2+ 42. Kf3 g4+ 43. Kg3 e2 44. Re1 Bc3 45. Rxe2 Rxe2 46. Kxg4 Bxb4 47. d4 Kf7 48. d5 0-1

[Event "Asuncion Prieto Memorial op"]
[Site "Asuncion"]
[Date "2011.01.06"]
[Round "1"]
[White "Chang, Suzana"]
[Black "Rivarola, Paul"]
[Result "1-0"]
[WhiteElo "2028"]
[BlackElo "1700"]
[PlyCount "71"]
[EventDate "2011.01.06"]
[EventType "swiss"]
[EventRounds "9"]
[EventCountry "PAR"]
[SourceTitle "EXT 2012"]
[Source "ChessBase"]
[SourceDate "2011.11.24"]
[SourceVersion "1"]
[SourceVersionDate "2011.11.24"]
[SourceQuality "1"]

1. c4 d6 2. d4 Nf6 3. Nc3 g6 4. Nf3 Bg7 5. Bf4 Nbd7 6. e3 c5 7. Be2 Nh5 8. Bg5 cxd4 9. exd4 h6 10. Be3 Nb6 11. Qd2 d5 12. b3 dxc4 13. bxc4 0-0 14. Bxh6 Bg4 15. Bxg7 Nxg7 16. Ne5 Bxe2 17. Nxe2 Qc7 18. c5 Nd5 19. 0-0 Ne6 20. f4 Nf6 21. f5 gxf5 22. Rxf5 Kg7 23. Raf1 Rh8 24. Qe3 Rag8 25. Nf4 Nxf4 26. Qxf4 Qd8 27. Ng4 Kf8 28. Nxf6 exf6 29. Rxf6 Rxg2+ 30. Kxg2 Qd5+ 31. Qf3 Qxa2+ 32. Rf2 Rg8+ 33. Kh1 Qa1+ 34. Rf1 Qxd4 35. Rxf7+ Ke8 36. Qe2+ 1-0

[Event "PAR-ch"]
[Site "Asuncion"]
[Date "2010.06.13"]
[Round "3"]
[White "Valiente, Cristobal"]
[Black "Rivarola, Paul"]
[Result "1-0"]
[WhiteElo "2247"]
[BlackElo "1652"]
[PlyCount "59"]
[EventDate "2010.06.12"]
[EventType "swiss"]
[EventRounds "9"]
[EventCountry "PAR"]
[SourceTitle "CBM 137 Extra"]
[Source "ChessBase"]
[SourceDate "2010.09.01"]
[SourceVersion "1"]
[SourceVersionDate "2010.09.01"]
[SourceQuality "1"]

1. c4 Nf6 2. Nc3 e6 3. Nf3 d5 4. d4 Be7 5. Bf4 c6 6. e3 Qa5 7. Qc2 Ne4 8. Nd2 f5 9. f3 Nxc3 10. bxc3 Nd7 11. Bd3 0-0 12. 0-0 Nf6 13. h3 Bd7 14. g4 g6 15. Kh2 Kf7 16. Be5 h5 17. gxf5 exf5 18. e4 b5 19. c5 Bd8 20. exf5 g5 21. a4 Bc7 22. f4 gxf4 23. axb5 Bxe5 24. Rxa5 Bc7 25. Ra6 f3+ 26. Kh1 Rg8 27. Nxf3 Rg3 28. Ne5+ Bxe5 29. dxe5 Ng4 30. hxg4 1-0

[Event "Asuncion Roggio Cup-C 3rd"]
[Site "Asuncion"]
[Date "2010.05.24"]
[Round "4"]
[White "Rivarola, Paul"]
[Black "Roman, Rodrigo"]
[Result "0-1"]
[WhiteElo "1652"]
[BlackElo "1905"]
[PlyCount "76"]
[EventDate "2010.05.20"]
[EventType "swiss"]
[EventRounds "9"]
[EventCountry "PAR"]
[SourceTitle "CBM 136 Extra"]
[Source "ChessBase"]
[SourceDate "2010.07.02"]
[SourceVersion "2"]
[SourceVersionDate "2010.07.15"]
[SourceQuality "1"]

1. d4 c5 2. dxc5 e6 3. Nf3 Bxc5 4. g3 Nf6 5. Bg2 0-0 6. 0-0 Nc6 7. c4 d5 8. b3 dxc4 9. Qc2 Qb6 10. Qxc4 e5 11. e3 Be6 12. Qh4 Be7 13. Ng5 Bf5 14. Ba3 Nb4 15. Bxb4 Bxb4 16. Nf3 Bd3 17. Rc1 Rac8 18. Rxc8 Rxc8 19. Nbd2 e4 20. Nc4 Bxc4 21. bxc4 exf3 22. Bxf3 Qa6 23. Be2 Bc3 24. Rb1 Qxa2 25. Bd3 Qd2 26. Bf5 Rd8 27. Qf4 g6 28. Rxb7 Qd6 29. Qxd6 Rxd6 30. Bc2 a5 31. Ba4 Ne4 32. f3 Nc5 33. Rb8+ Kg7 34. Bb5 Rd1+ 35. Kg2 Rd2+ 36. Kh3 Re2 37. Re8 Bb4 38. e4 a4 0-1

[Event "Asuncion Roggio Cup-C 3rd"]
[Site "Asuncion"]
[Date "2010.05.20"]
[Round "1"]
[White "Chang, Suzana"]
[Black "Rivarola, Paul"]
[Result "1-0"]
[WhiteElo "2031"]
[BlackElo "1652"]
[PlyCount "49"]
[EventDate "2010.05.20"]
[EventType "swiss"]
[EventRounds "9"]
[EventCountry "PAR"]
[SourceTitle "CBM 136 Extra"]
[Source "ChessBase"]
[SourceDate "2010.07.02"]
[SourceVersion "2"]
[SourceVersionDate "2010.07.15"]
[SourceQuality "1"]

1. d4 d5 2. c4 Nf6 3. cxd5 Qxd5 4. Nc3 Qh5 5. g3 e5 6. dxe5 Qxe5 7. Bf4 Qa5 8. Bg2 Bc5 9. Nf3 Ne4 10. 0-0 Nxc3 11. bxc3 0-0 12. Qb3 Nc6 13. Rad1 Rb8 14. Ng5 Qb6 15. Qc4 Na5 16. Qd3 g6 17. Rb1 Qf6 18. Bxc7 Ra8 19. Ne4 Qf5 20. Bxa5 Bxf2+ 21. Rxf2 Qxa5 22. Nf6+ Kg7 23. Qd4 Rd8 24. Ne8+ Kh6 25. Qg7+ 1-0

[Event "Asuncion Preclasificatorio Mayor"]
[Site "Asuncion"]
[Date "2010.04.21"]
[Round "4"]
[White "Gutierrez, Santiago"]
[Black "Rivarola, Paul"]
[Result "1/2-1/2"]
[WhiteElo "1832"]
[BlackElo "1652"]
[PlyCount "71"]
[EventDate "2010.04.05"]
[EventType "swiss"]
[EventRounds "9"]
[EventCountry "PAR"]
[SourceTitle "EXT 2023"]
[Source "ChessBase"]
[SourceDate "2022.10.05"]
[SourceVersion "1"]
[SourceVersionDate "2022.10.05"]
[SourceQuality "1"]

1. e4 c6 2. d4 d5 3. Nc3 dxe4 4. Nxe4 Bf5 5. Ng3 Bg6 6. Nf3 Nd7 7. h4 h6 8. h5 Bh7 9. Bd3 Bxd3 10. Qxd3 e6 11. Bd2 Bd6 12. 0-0-0 Qc7 13. Ne4 Bf4 14. Kb1 Bxd2 15. Rxd2 0-0-0 16. Qe3 Ngf6 17. Nxf6 Nxf6 18. d5 Rxd5 19. Rxd5 Nxd5 20. Qxa7 Rd8 21. Rd1 Qb6 22. Qxb6 Nxb6 23. Rxd8+ Kxd8 24. b3 Nd5 25. Ne5 Nf4 26. g4 Ke7 27. Kc1 f6 28. Nd3 Nd5 29. Kd2 e5 30. c4 Nc7 31. a4 Kd6 32. f3 Ne6 33. b4 Nd4 34. Ke3 Nc2+ 35. Ke4 Nd4 36. Ke3 1/2-1/2

[Event "Asuncion-C 2nd"]
[Site "Asuncion"]
[Date "2009.07.06"]
[Round "8"]
[White "Florentin, Damaso"]
[Black "Rivarola, Paul"]
[Result "0-1"]
[WhiteElo "1939"]
[BlackElo "1560"]
[PlyCount "64"]
[EventDate "2009.06.28"]
[EventType "swiss"]
[EventRounds "9"]
[EventCountry "PAR"]
[SourceTitle "CBM 131 Extra"]
[Source "ChessBase"]
[SourceDate "2009.09.03"]
[SourceVersion "2"]
[SourceVersionDate "2009.09.16"]
[SourceQuality "1"]

1. d4 d5 2. Bf4 Bf5 3. c3 e6 4. Qb3 b6 5. Nf3 Nf6 6. e3 Nbd7 7. Bb5 Bd6 8. Bc6 Rb8 9. Nbd2 0-0 10. Ne5 Bxe5 11. dxe5 Nc5 12. Qa3 Nd3+ 13. Ke2 Nxf4+ 14. exf4 Nd7 15. b4 a5 16. Nf3 f6 17. Rhe1 fxe5 18. fxe5 Bg4 19. Bxd7 Qxd7 20. c4 dxc4 21. Kf1 axb4 22. Qxb4 Bxf3 23. gxf3 Qd3+ 24. Kg1 Qxf3 25. Qd2 Rbd8 26. Qe2 Qh3 27. Qxc4 Qf5 28. Re2 c5 29. Rae1 Rd4 30. Qc2 Rg4+ 31. Kf1 Qf3 32. Re3 Qg2+ 0-1